书目信息 |
| 题名: |
第二语言习得研究
|
|
| 作者: | 王建勤 主编 | |
| 分册: | ||
| 出版信息: | 北京 商务印书馆 2009.08 |
|
| 页数: | 344页 | |
| 开本: | 23cm | |
| 丛书名: | ||
| 单 册: | ||
| 中图分类: | H003 | |
| 科图分类: | ||
| 主题词: | 第二语言--高等学校--教材 , 第二语言 | |
| 电子资源: | ||
| ISBN: | 978-7-100-06661-7 | |
| 000 | 00821nam0 2200253 450 | |
| 001 | 010010031117 | |
| 005 | 20091208152103.54 | |
| 010 | @a978-7-100-06661-7@dCNY39.00 | |
| 100 | @a20090929d2009 em y0chiy0110 ea | |
| 101 | 0 | @achi |
| 102 | @aCN@b110000 | |
| 105 | @ay z 000yy | |
| 106 | @ar | |
| 200 | 1 | @a第二语言习得研究@9di er yu yan xi de yan jiu@f王建勤主编 |
| 210 | @a北京@c商务印书馆@d2009.08 | |
| 215 | @a344页@d23cm | |
| 300 | @a商务馆对外汉语专业本科系列教材/赵金铭总主编 | |
| 330 | @a本书内容包括:第二语言习得研究概述;对比分析与偏误分析;中介语研究;第二语言习得顺序研究;克拉申的语言监控模式等。 | |
| 606 | 0 | @a第二语言@x高等学校@j教材 |
| 606 | 0 | @a第二语言 |
| 690 | @aH003@v4 | |
| 701 | 0 | @a王建勤@9wang jian qin@4主编 |
| 801 | 0 | @aCN@bRENTIAN@c20091208 |
| 905 | @b20796430-34@dH003@e178@f5 | |
| 第二语言习得研究/王建勤主编.-北京:商务印书馆,2009.08 |
| 344页;23cm |
| 商务馆对外汉语专业本科系列教材/赵金铭总主编 |
| ISBN 978-7-100-06661-7:CNY39.00 |
| 本书内容包括:第二语言习得研究概述;对比分析与偏误分析;中介语研究;第二语言习得顺序研究;克拉申的语言监控模式等。 |
| ● |
| 相关链接 |
|
|
|
|
正题名:第二语言习得研究
索取号:H003/178
 
预约/预借
| 序号 | 登录号 | 条形码 | 馆藏地/架位号 | 状态 | 备注 |
| 1 | 796430 | 207964309 | 第二样本阅览室/ [索取号:H003/178] | 在馆 | |
| 2 | 796431 | 207964318 | 第四借阅区/ [索取号:H003/178] | 在馆 | |
| 3 | 796432 | 207964327 | 第四借阅区/ [索取号:H003/178] | 在馆 | |
| 4 | 796433 | 207964336 | 第四借阅区/ [索取号:H003/178] | 在馆 | |
| 5 | 796434 | 207964345 | 中文系资料室/ [索取号:H003/178] | 在馆 |